| 000 | 01209nam a22002537a 4500 | ||
|---|---|---|---|
| 005 | 20250829191955.0 | ||
| 008 | 240816b ||||| |||| 00| 0 eng d | ||
| 082 | _aDPer 155.205 J826 July-September 2020 v. 119 n. 1-3 | ||
| 100 |
_aHornsey, Matthew J. _eauthor. _958019 |
||
| 245 |
_aEmbodied remorse : _bphysical displays of remorse increase positive responses to public apologies, but have negligible effects on forgiveness / _cMatthew J. Hornsey, Emily A. Harris, Tyler G. Okimoto, Michael J.A. Wohl, Michael Thai, and Michael Wenzel. |
||
| 260 |
_aWashington ; _bAmerican Psychological Association , _cAugust 2020. |
||
| 300 |
_aVolume 119, pages 367-389. _c27 cm. |
||
| 500 | _aJournal of Personality and Social Psychology , vol. 119, no. 2 , pages 367-389, August 2020. | ||
| 650 |
_aAttitude (Psychology). _960836 |
||
| 650 |
_aForgiveness. _960835 |
||
| 650 |
_aTrust. _960837 |
||
| 700 |
_aHornsey, Matthew J. _eauthor. _958019 |
||
| 700 |
_aHarris, Emily A. _eauthor. _958020 |
||
| 700 |
_aOkimoto, Tyler G. _eauthor. _939983 |
||
| 700 |
_aA. Wohl, Michael J. _eauthor. _958021 |
||
| 700 |
_aThai, Michael. _eauthor. _958022 |
||
| 700 |
_aWenzel, Michael. _eauthor. _958023 |
||
| 942 |
_2ddc _cPER |
||
| 999 |
_c20538 _d20538 |
||